LEADER 02142oam 2200529I 450 001 9910707272903321 005 20160603153633.0 035 $a(CKB)5470000002462777 035 $a(OCoLC)891382663 035 $a(EXLCZ)995470000002462777 100 $a20140926d1968 ua 0 101 0 $aeng 135 $aurbn||||||||| 181 $ctxt$2rdacontent 182 $cc$2rdamedia 183 $acr$2rdacarrier 200 10$aThermodynamic properties of minerals and related substances at 298.15° K (25.0° C) and one atmosphere (1.013 bars) pressure and at higher temperatures /$fby Richard A. Robie and David R. Waldbaum 210 1$a[Washington, D.C.] :$cUnited States Department of the Interior, Geological Survey,$d1968. 210 2$aWashington :$cUnited States Government Printing Office. 215 $a1 online resource (256 pages) 225 1 $aGeological Survey bulletin ;$v1259 300 $aTitle from title screen (viewed September 15, 2014). 300 $aChiefly tables. 300 $a"Summary of the thermodynamic data for minerals at 298.15°K together with calculated values of the functions ... H?f, T ... G?f, T, S?T, and -(G?T - H?298.5/T) at temperatures up to 2,000° K." 320 $aIncludes bibliographical references (pages 238-248) and index. 517 $aThermodynamic properties of minerals and related substances at 298.15° K 606 $aMinerals$vTables 606 $aThermodynamics$vTables 606 $aMinerals$2fast 606 $aThermodynamics$2fast 608 $aTables.$2fast 615 0$aMinerals 615 0$aThermodynamics 615 7$aMinerals. 615 7$aThermodynamics. 700 $aRobie$b Richard A.$f1928-$01389613 702 $aWaldbaum$b David R. 712 02$aGeological Survey (U.S.), 801 0$bCOP 801 1$bCOP 801 2$bOCLCO 801 2$bOCLCF 801 2$bGPO 906 $aBOOK 912 $a9910707272903321 996 $aThermodynamic properties of minerals and related substances at 298.15° K (25.0° C) and one atmosphere (1.013 bars) pressure and at higher temperatures$93488835 997 $aUNINA LEADER 02157nas 22007213a 450 001 996212657703316 005 20230227213019.0 011 $a1931-8405 035 $a(DE-599)ZDB2520525-0 035 $a(OCoLC)41543096 035 $a(CKB)954925271376 035 $a(CONSER)--2006214173 035 $a(EXLCZ)99954925271376 100 $a19990615a19879999 s-- a 101 0 $aeng 135 $aurmnu|||||||| 181 $ctxt$2rdacontent 182 $cc$2rdamedia 183 $acr$2rdacarrier 200 10$aAIDS research and human retroviruses 210 $a[Larchmont, NY] $cMary Ann Liebert, Inc 300 $aRefereed/Peer-reviewed 311 $a0889-2229 531 $aAIDS RES HUM RETROVIRUSES 531 $aAIDS RES HUM RETROVIR 531 $aAIDS RES HUM RETROVIRUS 531 $aAIDS RES HUM RETROV 531 $aAIDS RES H 531 $aAIDS RESEARCH & HUMAN RETROVIRUSES 531 $aAIDS RES. HUM. RETROVIRUSES 531 $aAIDS RES. HUM. RETROVIR 531 0 $aAIDS res. hum. retrovir. 606 $aAIDS (Disease)$vPeriodicals 606 $aRetroviruses$vPeriodicals 606 $aHIV (Viruses)$vPeriodicals 606 $aRetroviridae Infections 606 $aAcquired Immunodeficiency Syndrome 606 $aRetroviridae 606 $aVirology 606 $aSexually Transmitted Diseases 606 $aAIDS (Disease)$2fast$3(OCoLC)fst00793808 606 $aHIV (Viruses)$2fast$3(OCoLC)fst00949837 606 $aRetroviruses$2fast$3(OCoLC)fst01096406 608 $aPeriodical 608 $aPeriodicals.$2fast 608 $aPeriodicals.$2lcgft 615 0$aAIDS (Disease) 615 0$aRetroviruses 615 0$aHIV (Viruses) 615 12$aRetroviridae Infections 615 12$aAcquired Immunodeficiency Syndrome 615 12$aRetroviridae 615 22$aVirology 615 22$aSexually Transmitted Diseases 615 7$aAIDS (Disease) 615 7$aHIV (Viruses) 615 7$aRetroviruses. 676 $a616 676 $a616.9792 906 $aJOURNAL 912 $a996212657703316 996 $aAIDS research and human retroviruses$91950319 997 $aUNISA